| 000 | 00837cam a2200253 a 4500 | ||
|---|---|---|---|
| 005 | 20240214063603.0 | ||
| 008 | 191211s2005 sp gr 000 f spa d | ||
| 020 | _a8477024812 | ||
| 035 | _aUPN01000234794 | ||
| 040 |
_aMX-MxUPN _bspa _cMX-MxUPN |
||
| 050 | 1 | 4 |
_aPR4453 C4 _bR4.4 |
| 100 | 1 |
_aChesterton, G. K. _q(Gilbert Keith), _d1874-1936 _930482 |
|
| 245 | 1 | 3 |
_aEl regreso de Don Quijote / _cG.K. Chesterton ; traducción de José Luis Moreno-Ruiz |
| 250 | _a2a edición | ||
| 260 |
_aMadrid : _bValdemar, _c2005. |
||
| 300 | _a388 páginas | ||
| 490 |
_aEl club de Diógenes ; _v215 |
||
| 500 | _aTítulo original: The return of Don Quixote. | ||
| 650 | 4 |
_aNovela inglesa _ySiglo XX _925744 |
|
| 700 | 1 |
_aMoreno Ruiz, José L., _d1953-2021 _etraductor _944561 |
|
| 905 | _aLibro | ||
| 942 |
_2lcc _cLIBRO |
||
| 999 |
_c206889 _d206889 |
||